Малоракурсная акустическая томография композитных материалов: диссертация на соискание учёной степени кандидата технических наук; спец. 05.11.13

التفاصيل البيبلوغرافية
المؤلف الرئيسي: Чан Цзянлэй
مؤلف مشترك: Национальный исследовательский Томский политехнический университет Инженерная школа неразрушающего контроля и безопасности
مؤلفون آخرون: Солдатов А. И. Алексей Иванович (научный руководитель)
الملخص:Заглавие с титульного экрана
Электронная версия печатной публикации
Защита сост. 12.10.2021 г.
اللغة:الروسية
منشور في: Томск, 2021
الموضوعات:
الوصول للمادة أونلاين:http://earchive.tpu.ru/handle/11683/68126
التنسيق: الكتروني كتاب
KOHA link:https://koha.lib.tpu.ru/cgi-bin/koha/opac-detail.pl?biblionumber=346282

MARC

LEADER 00000nlm0a2200000 4500
001 346282
005 20231102005853.0
035 |a (RuTPU)RU\TPU\book\378162 
035 |a RU\TPU\book\378159 
090 |a 346282 
100 |a 20210730d2021 k y0rusy50 ca 
101 0 |a rus 
102 |a RU 
105 |a a m 000zy 
135 |a drcn ---uucaa 
181 0 |a i  
182 0 |a b 
200 1 |a Малоракурсная акустическая томография композитных материалов  |e диссертация на соискание учёной степени кандидата технических наук  |e спец. 05.11.13  |f Чан Цзянлэй  |g Национальный исследовательский Томский политехнический университет ; науч. рук. А. И. Солдатов 
203 |a Текст  |c электронный 
210 |a Томск  |d 2021 
215 |a 1 файл (5 114 КБ) 
230 |a Электронные текстовые данные (1 файл : 5 114 КБ) 
300 |a Заглавие с титульного экрана 
300 |a Электронная версия печатной публикации 
300 |a Защита сост. 12.10.2021 г. 
452 1 |0 (RuTPU)RU\TPU\book\378506  |t Малоракурсная акустическая томография композитных материалов  |o диссертация на соискание ученой степени кандидата технических наук  |o спец. 05.11.13  |f Чан Цзянлэй  |g Национальный исследовательский Томский политехнический университет ; науч. рук. А. И. Солдатов  |c Томск  |n [Б.и.]  |d 2021  |p 130 л. 
606 1 |a Композитные материалы  |2 stltpush  |3 (RuTPU)RU\TPU\subj\51901  |9 70403 
606 1 |a Томография  |2 stltpush  |3 (RuTPU)RU\TPU\subj\72071  |9 85659 
610 1 |a диссертации 
610 1 |a акустическая томография 
610 1 |a линейные решетки 
610 1 |a мультипликативные методы 
610 1 |a акустический контроль 
610 1 |a компьютерное моделирование 
610 1 |a конечно-элементный анализ 
610 1 |a теория Кирхгофа 
610 1 |a средства контроля 
610 1 |a малоракурсная томография 
610 1 |a компьютерная томография 
610 1 |a дефектоскопы 
610 1 |a электронный ресурс 
675 |a 620.22-419.8(04)  |v 4 
675 |a 620.179.152.1(04)  |v 4 
686 |a 05.11.13  |2 oksvnk 
700 0 |a Чан Цзянлэй 
702 1 |a Солдатов  |b А. И.  |c специалист в области электроники  |c профессор Томского политехнического университета, доктор технических наук  |f 1958-  |g Алексей Иванович  |2 stltpush  |3 (RuTPU)RU\TPU\pers\25907  |4 727 
712 0 2 |a Национальный исследовательский Томский политехнический университет  |b Инженерная школа неразрушающего контроля и безопасности  |c (2017- )  |h 7976  |2 stltpush  |3 (RuTPU)RU\TPU\col\23506 
801 2 |a RU  |b 63413507  |c 20211122  |g RCR 
856 4 |u http://earchive.tpu.ru/handle/11683/68126 
942 |c CF